Countries by Flag Style - Statistics

General Stats
  • This quiz has been taken 17 times
  • The average score is 12 of 16
Answer Stats
Picture Hint Answer % Correct
Australia | New Zealand | Fiji | Tuvalu
100%
Bangladesh | Palau | Japan
100%
Cameroon | Senegal
93%
Finland | Sweden | Denmark
93%
Norway | Iceland
93%
Somalia | Vietnam
93%
Indonesia | Monaco | Ukraine | Poland
87%
Madagascar | Benin | Guinea-Bissau
80%
Belarus | Kazakhstan | Turkmenistan
67%
Taiwan | Samoa | Tonga
67%
Niger | Laos | India | Ethiopia | Paraguay
60%
No Coats of Arms Gambia | Botswana
53%
Georgia | Dominica | Dominican Republic | United Kingdom
53%
Maldives | Montenegro | Grenada | Sri Lanka
53%
Background Mauritius | Comoros | Centralafrican Republic
40%
Algeria | Vatican City | Malta
33%
No matching quizzes found
Score Distribution
Percent of People with Each Score
Percentile by Number Answered
Your Score History
You have not taken this quiz